| 000 | 00574cam a22001932 4500 | ||
|---|---|---|---|
| 001 | 0000000487 | ||
| 005 | 20170406112638.0 | ||
| 008 | 131111s xx 000 0 eng d | ||
| 020 | _c$ | ||
| 040 |
_aYour Holding Symbol _cYour Holding Symbol |
||
| 100 | 1 | _akaplan,Abraham. | |
| 245 | 1 | 4 |
_aThe conduct of inquiry : _bmethodology for behaviroal science / _cAbraham Kplan. |
| 250 | _a ed. | ||
| 260 |
_acalfornia : _bchandler publishing company, _c1964. |
||
| 300 |
_a428 p. ; _c cm. |
||
| 504 | _aincludes index. | ||
| 650 | 0 | _apsychology. | |
| 908 | _a131111 | ||
| 999 |
_c416 _d416 |
||